000 00281nam a22001337a 4500
008 170629b xxu||||| |||| 00| 0 eng d
020 _a0060638451
041 _aeng
080 _a82
100 _a22
101 _aGJL
245 _aBASIC WRITINGS
_cHEIDEGGER,M
942 _2udc
_cBK
999 _c19539
_d19539